000 00531nam a2200205Ia 4500
003 OSt
005 20230328142028.0
008 210423s2008 xx 000 0 und d
020 _a9788180940606
040 _cAL
041 _aeng
082 _a615.1
_223
_bSOLK
100 _aSOLOMON (K Anand).
_978938
245 _aMolecular modelling and drug design.
260 _aNew Delhi
_bMJP Publishers
_c2008
300 _axi,225
_bPB
365 _b290
_cINR
906 _adesign. ; drug ; modelling ; Molecular
942 _2ddc
_cBK
999 _c154328
_d154328